طرائق التدريس و إستراتيجياته / (رقم التسجيلة. 15442)

تفاصيل مارك
000 -LEADER
fixed length control field 00607nam a22002057a 4500
005 - DATE AND TIME OF LATEST TRANSACTION
control field 20251108164830.0
008 - FIXED-LENGTH DATA ELEMENTS--GENERAL INFORMATION
fixed length control field 250721s2001 xx 000 0 ara d
082 14 - DEWEY DECIMAL CLASSIFICATION NUMBER
Classification number 371.3/حيل
100 1# - MAIN ENTRY--PERSONAL NAME
Personal name الحيلة، محمد محمود
245 10 - TITLE STATEMENT
Title طرائق التدريس و إستراتيجياته /
264 1# - PRODUCTION, PUBLICATION, DISTRIBUTION, MANUFACTURE, AND COPYRIGHT NOTICE
Place of production, publication, distribution, manufacture العين :
Name of producer, publisher, distributor, manufacturer دار الكتاب الجامعي،
Date of production, publication, distribution, manufacture, or copyright notice 2001.
300 ## - PHYSICAL DESCRIPTION
Extent 511ص
650 17 - SUBJECT ADDED ENTRY--TOPICAL TERM
Topical term or geographic name as entry element التدريس
650 17 - SUBJECT ADDED ENTRY--TOPICAL TERM
Topical term or geographic name as entry element التربية
650 17 - SUBJECT ADDED ENTRY--TOPICAL TERM
Topical term or geographic name as entry element المناهج
650 17 - SUBJECT ADDED ENTRY--TOPICAL TERM
Topical term or geographic name as entry element أساليب التدريس
650 17 - SUBJECT ADDED ENTRY--TOPICAL TERM
Topical term or geographic name as entry element تخطيط الدرس
942 ## - ADDED ENTRY ELEMENTS (KOHA)
Source of classification or shelving scheme Dewey Decimal Classification
Koha item type كتب
المقتنيات
حالة السحب حالة الفقدان مصدر التصنيف حالة التلف غير قابل للإعارة المكتبة الرئيسية المكتبة الحالية موقع الرف تاريخ التزويد الرقم المتسلسل Total Checkouts رقم الإستدعاء الباركود تاريخ آخر ظهور تاريخ الفاتورة نوع المادة (كوها)
    Dewey Decimal Classification     المكتبة المركزية المكتبة المركزية الإعارة 06/07/2004 427675   371.3/حيل 427675 28/07/2025 06/07/2004 كتب
    Dewey Decimal Classification Unchecked   مكتبة أبو علندا العامة مكتبة أبو علندا العامة الإعارة 06/07/2004 427693   371.3/حيل   28/07/2025 06/07/2004 كتب
    Dewey Decimal Classification     مكتبة أم قصير والمقابلين العامة مكتبة أم قصير والمقابلين العامة الإعارة 06/07/2004 427692   371.3/حيل 427692 28/07/2025 06/07/2004 كتب
    Dewey Decimal Classification     مكتبة الأميرة سلمى مكتبة الأميرة سلمى الإعارة 16/06/2015 1464929   371.3/حيل PLD00331577 28/07/2025 16/06/2015 كتب
    Dewey Decimal Classification Unchecked   مكتبة الاميرة بديعة مكتبة الاميرة بديعة الإعارة 06/07/2004 427687   371.3/حيل   28/07/2025 06/07/2004 كتب
    Dewey Decimal Classification     مكتبة الجويدة مكتبة الجويدة الإعارة 06/07/2004 427688   371.3/حيل 427688 28/07/2025 06/07/2004 كتب
    Dewey Decimal Classification     مكتبة الحسن العامة مكتبة الحسن العامة الإعارة 06/07/2004 427689   371.3/حيل 427689 28/07/2025 06/07/2004 كتب
    Dewey Decimal Classification     مكتبة حمزة العامة مكتبة حمزة العامة الإعارة 06/07/2004 427690   371.3/حيل 427690 28/07/2025 06/07/2004 كتب
    Dewey Decimal Classification     مكتبة صويلح العامة مكتبة صويلح العامة الإعارة 01/05/2019 427685   371.3/حيل PLD00452187 28/07/2025 01/05/2019 كتب
    Dewey Decimal Classification     مكتبة وادي السير العامة مكتبة وادي السير العامة الإعارة 06/07/2004 427694   371.3/حيل 427694 28/07/2025 06/07/2004 كتب
Implemented & Customized by: BBB with SCIT (Smart Chains for Information Technology)

Powered by Koha